00720nam a22001697a 450000500170000001000130001702000260003003500110005603700130006708200100008010000770009024501370016724600790030426000520038327000920043530000230052720200910150708.0 aUR-10851 c212.00a9789389733136 aU-9406 bDBAD/PUB a440.1 aمو لفين : شفقت جہا ں -ڈ ا کٹر ر حما ن ا ختر  aا ر د و ،پنجا بی ذ و لسا نی فر ہنگ cمو لفين : شفقت جہا ں -ڈ ا کٹر ر حما ن ا ختر  bUrdu Punjabi Zu Lisani Farhang (Urdu)aby Shafaquat Jahan,Dr.Rehman Akhter aN.Delhi bEducational Publishing Housec2019 ء aH.O.D1/16,Ansari Road,Darya ganj,bN.Delhie110002k45678285,23216162l0091-11-23211540 a352 ص c22 Cm(Hb)